Reconsidering the concept of revolutionary monotheism (Record no. 130910)
[ view plain ]
| 000 -LEADER | |
|---|---|
| fixed length control field | 01262nam a2200325Ia 4500 |
| 082 04 - DEWEY DECIMAL CLASSIFICATION NUMBER | |
| Classification number | 211/.34 |
| 245 00 - TITLE STATEMENT | |
| Title | Reconsidering the concept of revolutionary monotheism |
| 260 ## - PUBLICATION, DISTRIBUTION, ETC. (IMPRINT) | |
| Place of publication | Winona Lake, IN : |
| Name of publisher | Eisenbrauns, |
| Year of publication | 2011. |
| 300 ## - PHYSICAL DESCRIPTION | |
| Number of Pages | xii, 370 p. : |
| Other physical details | ill. |
| 500 ## - GENERAL NOTE | |
| General note | Proceedings of a conference held in Feb. 2007 at Princeton University. |
| 650 #0 - SUBJECT ADDED ENTRY--TOPICAL TERM | |
| Topical Term | Monotheism. |
| Topical Term | God. |
| 700 1# - ADDED ENTRY--PERSONAL NAME | |
| Personal name | Pongratz-Leisten, Beate. |
| 856 40 - ELECTRONIC LOCATION AND ACCESS | |
| Uniform Resource Identifier | http://site.ebrary.com/lib/rucke/Doc?id=10495978 |
No items available.
